Vista normal Vista MARC

Entrada Personal Name

Número de registros utilizados en: 1

001 - CONTROL NUMBER

  • control field: 11172

003 - CONTROL NUMBER IDENTIFIER

  • control field: OSt

005 - DATE AND TIME OF LATEST TRANSACTION

  • control field: 20201005112729.0

008 - FIXED-LENGTH DATA ELEMENTS

  • fixed length control field: 201005|| aca||aabn | a|a d

040 ## - CATALOGING SOURCE

  • Original cataloging agency: OSt
  • Transcribing agency: OSt

100 ## - HEADING--PERSONAL NAME

  • Personal name: Catalina II,
  • Titles and other words associated with a name: Emperatriz de Rusia
  • Dates associated with a name: 1729-1796

670 ## - SOURCE DATA FOUND

  • Source citation: Work cat.: (OSt)3793: Troyat, Henri, autor 11171, Catalina la Grande / , 2005